Society (Record no. 9500)

MARC details
000 -LEADER
fixed length control field 00452cam a2200181ua 4500
008 - FIXED-LENGTH DATA ELEMENTS--GENERAL INFORMATION
fixed length control field 190312n ii |||frmmmmZ001|0|eng
040 ## - CATALOGING SOURCE
Transcribing agency MAIN
082 ## - DEWEY DECIMAL CLASSIFICATION NUMBER
Classification number 301
100 ## - MAIN ENTRY--PERSONAL NAME
Personal name R M Maciver,
Relator term
245 ## - TITLE STATEMENT
Title Society
Remainder of title an introductory analysis
250 ## - EDITION STATEMENT
Edition statement 4th rep.
260 ## - PUBLICATION, DISTRIBUTION, ETC.
Place of publication, distribution, etc. Delhi:
Name of publisher, distributor, etc. Surjeet publications,
Date of publication, distribution, etc. 2016.
300 ## - PHYSICAL DESCRIPTION
Extent 697p.
700 ## - ADDED ENTRY--PERSONAL NAME
Personal name Charles H Page,
Relator term
942 ## - ADDED ENTRY ELEMENTS (KOHA)
Koha item type Books
653 ## - INDEX TERM--UNCONTROLLED
Uncontrolled term Sociology & anthropology
Holdings
Withdrawn status Lost status Damaged status Not for loan Home library Current library Shelving location Date acquired Total Checkouts Full call number Barcode Date last seen Copy number Price effective from Koha item type
        Central Library, Naharkatiya College Central Library, Naharkatiya College General Stacks 19/09/2020   301 | MAC 26555 19/09/2020 1 19/09/2020 Books

Naharkatiya College © 2020. All rights reserved.

Powered By